Guru Nanak / (Record no. 193663)

000 -LEADER
fixed length control field 01009 a2200169 4500
003 - CONTROL NUMBER IDENTIFIER
control field Nust
005 - DATE AND TIME OF LATEST TRANSACTION
control field 20230227102136.0
040 ## - CATALOGING SOURCE
Transcribing agency Nust
082 ## - DEWEY DECIMAL CLASSIFICATION NUMBER
Classification number 294.3,SIN
100 ## - MAIN ENTRY--PERSONAL NAME
Personal name Raja Sir Daljit Singah
9 (RLIN) 109582
245 ## - TITLE STATEMENT
Title Guru Nanak /
Statement of responsibility, etc. Raja Sir Daljit Singh
260 ## - PUBLICATION, DISTRIBUTION, ETC.
Place of publication, distribution, etc. Lahore
Name of publisher, distributor, etc. A lion publication
300 ## - PHYSICAL DESCRIPTION
Extent xvi,156 p.;
505 ## - FORMATTED CONTENTS NOTE
Formatted contents note The Age us Like a Drawn Sword (Page-1), Out of The Cotton of Compassion (Page-2), This Body is The Field (Page-4), And his Wife Give Birth to Two Sons (Page-8), My Dear Sister, Humanity is My Family (Page-10), To The Town of Sialkot (Page-13), Sajjan Fell at The Guru’s Feet (Page-14), Death is Nothing but a Gateway To Birth (Page-15), With Sheikh Behram (Page-19), The Kaaba: The House of God is Everywhere (Page-24), Words to Baber (Page-29), To Seek Within Not Outside (Page-32), With Oars of Faith (Page-43), The Six Schools of Philosophy and The Guru (Page-49), To the Birthplace Krishna (Page-57).
650 ## - SUBJECT ADDED ENTRY--TOPICAL TERM
Topical term or geographic name entry element guru nanak -life
9 (RLIN) 109583
942 ## - ADDED ENTRY ELEMENTS (KOHA)
Source of classification or shelving scheme
Koha item type Book
Holdings
Withdrawn status Lost status Source of classification or shelving scheme Damaged status Not for loan Permanent Location Current Location Shelving location Date acquired Full call number Barcode Date last seen Price effective from Koha item type Public note
          Military College of Signals (MCS) Military College of Signals (MCS) General Stacks 12/12/2016 294.3,SIN MCS29245 12/08/2016 12/12/2016 Book Almirah No.73, Shelf No.2
© 2023 Central Library, National University of Sciences and Technology. All Rights Reserved.